| 000 | 00522 a2200205 4500 | ||
|---|---|---|---|
| 260 | _bMasson et Cie editeurs | ||
| 245 | _aElectronique des impulsions | ||
| 300 | _a168p | ||
| 260 | _aParis | ||
| 650 | _aElectronique : circuit : calcul | ||
| 260 | _c1972 | ||
| 300 | _b25cm | ||
| 100 | _lFr | ||
| 630 | _a62 - Ingénierie.Art de l'ingénieur technologie en générale | ||
| 037 | _a0097 | ||
| 650 | _a6 - SCIENCES APPLIQUEES. MEDECINE. TECHNOLOGIE | ||
| 100 | _aVabre, Jean-paul | ||
| 999 |
_c43953 _d43953 |
||